<?xml version="1.0" encoding="UTF-8"?>
<record
    xmlns:xsi="http://www.w3.org/2001/XMLSchema-instance"
    xsi:schemaLocation="http://www.loc.gov/MARC21/slim http://www.loc.gov/standards/marcxml/schema/MARC21slim.xsd"
    xmlns="http://www.loc.gov/MARC21/slim">

  <leader>01375naa a22001937i 4500</leader>
  <controlfield tag="001">9101</controlfield>
  <controlfield tag="003">KOSZ 005</controlfield>
  <controlfield tag="005">20180409131059.0</controlfield>
  <controlfield tag="008">160308s2012    pl  |||f| ||||0|| 0 pol d</controlfield>
  <datafield tag="040" ind1=" " ind2=" ">
    <subfield code="c">KOSZ 005/ac</subfield>
  </datafield>
  <datafield tag="100" ind1="1" ind2=" ">
    <subfield code="a">KR&#xD3;LIKOWSKI, Tomasz.</subfield>
    <subfield code="d">1997 - .</subfield>
    <subfield code="b">Politechnika Koszali&#x144;ska - Wydzia&#x142; Mechaniczny,</subfield>
    <subfield code="c">Katedra Mechaniki Precyzyjnej</subfield>
  </datafield>
  <datafield tag="245" ind1="1" ind2="0">
    <subfield code="a">Wspomaganie procesu nauczania za pomoc&#x105; gier. Projekt "Wirtualna fizyka- wiedza prawdziwa", innowacyjne rozwi&#x105;zanie dydaktyczne /</subfield>
    <subfield code="c">B&#x142;a&#x17C;ej Ba&#x142;asz, Wojciech Kacalak, Tomasz Kr&#xF3;likowski, Tomasz Szatkiewicz.</subfield>
  </datafield>
  <datafield tag="700" ind1="1" ind2=" ">
    <subfield code="a">RYPINA, &#x141;ukasz.</subfield>
    <subfield code="d">2009 - .</subfield>
    <subfield code="b">Politechnika Koszali&#x144;ska - Uczelniane Centrum Kszta&#x142;cenia na Odleg&#x142;o&#x15B;&#x107; Studia NET</subfield>
  </datafield>
  <datafield tag="700" ind1="1" ind2=" ">
    <subfield code="a">KARMELITA, Mirela.</subfield>
    <subfield code="d">2010 - .</subfield>
    <subfield code="b">Politechnika Koszali&#x144;ska - Uczelniane Centrum Kszta&#x142;cenia na Odleg&#x142;o&#x15B;&#x107; StudiaNET</subfield>
  </datafield>
  <datafield tag="700" ind1="1" ind2=" ">
    <subfield code="a">SUS&#x141;OW, Walery.</subfield>
    <subfield code="d">2000 - .</subfield>
    <subfield code="b">Politechnika Koszali&#x144;ska - Wydzia&#x142; Elektroniki,</subfield>
    <subfield code="c">Katedra Podstaw Elektroniki</subfield>
  </datafield>
  <datafield tag="700" ind1="1" ind2=" ">
    <subfield code="a">&#x17B;MUDA-TRZEBIATOWSKI, Piotr.</subfield>
    <subfield code="d">2008 - .</subfield>
    <subfield code="b">Politechnika Koszali&#x144;ska - Uczelniane Centrum Kszta&#x142;cenia na Odleg&#x142;o&#x15B;&#x107; StudiaNET</subfield>
  </datafield>
  <datafield tag="773" ind1="0" ind2=" ">
    <subfield code="i">W :</subfield>
    <subfield code="t">Informatyka stosowana : wybrane metody i problemy / red. nauk. Agnieszka Szewczyk. -</subfield>
    <subfield code="d">Szczecin : Wydaw. Naukowe Uniwersytetu Szczeci&#x144;skiego, 2012. -</subfield>
    <subfield code="k">Zeszyty Naukowe / Uniwersytet Szczeci&#x144;ski; nr 740</subfield>
    <subfield code="g">s. 101-114</subfield>
  </datafield>
  <datafield tag="942" ind1=" " ind2=" ">
    <subfield code="c">ROZ</subfield>
    <subfield code="2">UKD</subfield>
  </datafield>
  <datafield tag="999" ind1=" " ind2=" ">
    <subfield code="c">9101</subfield>
    <subfield code="d">9101</subfield>
  </datafield>
</record>
